BIBLIOTECA PODER JUDICIAL
Portal Judicial TDF

La importancia de formar en y para ejercer derechos humanos en el ámbito educativo / (Registro nro. 5465)

000 -LEADER
fixed length control field 00991nab a22002177a 4500
003 - CONTROL NUMBER IDENTIFIER
control field OSt
005 - DATE AND TIME OF LATEST TRANSACTION
control field 20251113131617.0
008 - FIXED-LENGTH DATA ELEMENTS--GENERAL INFORMATION
fixed length control field 190604e xxu||||| |||| 00| 0 spa d
040 ## - CATALOGING SOURCE
Transcribing agency PJ
100 ## - MAIN ENTRY--PERSONAL NAME
9 (RLIN) 4518
Personal name Urbina, Paola Alejandra
245 13 - TITLE STATEMENT
Title La importancia de formar en y para ejercer derechos humanos en el ámbito educativo /
Statement of responsibility, etc Paola Alejandra Urbina.
260 ## - PUBLICATION, DISTRIBUTION, ETC. (IMPRINT)
Place of publication, distribution, etc Ciudad Autónoma de Buenos Aires :
Name of publisher, distributor, etc Thomson Reuters La Ley,
Date of publication, distribution, etc 2025.
300 ## - PHYSICAL DESCRIPTION
Extent p. 21-27
500 ## - GENERAL NOTE
General note Cita Online: TR LALEY AR/DOC/284/2025.<br/>
505 ## - FORMATTED CONTENTS NOTE
Title Sumario: Sumario: I. Introducción.— II. El dec. 1086/2024.— III. Régimen vigente.— IV. Conclusión.<br/><br/><br/>
505 ## - FORMATTED CONTENTS NOTE
Title ¿Te interesa el texto completo? Solicitalo al correo: koha@justierradelfuego.gov.ar
650 #0 - SUBJECT ADDED ENTRY--TOPICAL TERM
9 (RLIN) 614
Topical term or geographic name as entry element DERECHOS HUMANOS
650 #0 - SUBJECT ADDED ENTRY--TOPICAL TERM
9 (RLIN) 4592
Topical term or geographic name as entry element EDUCACION
773 0# - HOST ITEM ENTRY
Host Biblionumber 2714
Host Itemnumber 3171
Place, publisher, and date of publication Ciudad Autónoma de Buenos Aires : Thomson Reuters La Ley, 2014-
Title Revista anales de legislación argentina. Nº 7 - Julio 2025.
942 ## - ADDED ENTRY ELEMENTS (KOHA)
Source of classification or shelving scheme
Koha item type Analítica Artículo de Revista

No hay ítems disponibles.

12 de Octubre 789 Ushuaia - Tel:  54(02901)441571
Horario de Atención: 8.00 a 17.00 hs. 
bibliotecaush@justierradelfuego.gov.ar
koha@justierradelfuego.gov.ar
Seguinos en nuestras redes @bibliojustdf 

Con tecnología Koha